| 000 | 00706nam a2200265Ia 4500 | ||
|---|---|---|---|
| 003 | OSt | ||
| 005 | 20221006141619.0 | ||
| 006 | a|||||r|||| 00| 0 | ||
| 007 | ta | ||
| 008 | 221006b |||||||| |||| 00| 0 eng d | ||
| 020 |
_c _17.50 |
||
| 024 | _a3,579 | ||
| 037 | _cTextual | ||
| 040 |
_aEASL _cEASL _beng |
||
| 041 |
_2eng _aeng |
||
| 082 | _aP42:4k, 111L4; | ||
| 100 | _aNELSON Andrew Nathaniel | ||
| 245 | 0 | _aModern reader's Japanese-English character dictionary | |
| 260 |
_aTokyo _bCharles E. Tuttle Japan _c1974 |
||
| 300 |
_a1110 _ccm. |
||
| 490 | _v RR | ||
| 650 | _aJL | ||
| 942 |
_hP42:4k, 111L4; _cTEXL _2CC |
||
| 999 |
_c1071665 _d1071665 |
||